The Maharishi Effect (Record no. 42860)

000 -LEADER
fixed length control field 00265nam a2200121Ia 4500
008 - FIXED-LENGTH DATA ELEMENTS--GENERAL INFORMATION
fixed length control field 240208s9999||||xx |||||||||||||| ||und||
082 ## - DEWEY DECIMAL CLASSIFICATION NUMBER
Classification number 242
Item number OAT/T
100 ## - MAIN ENTRY--PERSONAL NAME
Personal name Oates, Robert M
245 #4 - TITLE STATEMENT
Title The Maharishi Effect
260 ## - PUBLICATION, DISTRIBUTION, ETC.
Date of publication, distribution, etc. 1985
300 ## - PHYSICAL DESCRIPTION
Extent 128p
942 ## - ADDED ENTRY ELEMENTS (KOHA)
Koha item type Book
Holdings
Withdrawn status Lost status Damaged status Not for loan Collection code Permanent Location Current Location Date acquired Cost, normal purchase price Full call number Barcode Date last seen Price effective from Koha item type
        School of Consciousness (Noida) MUIT-NOIDA MUIT-NOIDA 2024-02-09 199.00 242 OAT/T SOC00202 2024-02-09 2024-02-09 Book

All Rights Reserved@MUIT

Powered by Koha